| 000 | 00518nam a22001457a 4500 | ||
|---|---|---|---|
| 020 | _a978-0-19-272576-9 | ||
| 082 |
_a823 _bOWE/W |
||
| 100 | _aOWEN, LAURA | ||
| 245 | _aWINNIE THE TWIT | ||
| 260 |
_aNEW YORK _bOXFORD UNIVERSITY PRESS _c2009 |
||
| 300 | _a92 | ||
| 520 | _a'Winnie the Twit' Winnie fancies herself as a bit of a naturalist. Four crazily funny stories featuring everyone's favourite witch, her big black cat, Wilbur, and a zany supporting cast of new characters. | ||
| 650 | _aSHORT STORY | ||
| 942 | _cBK | ||
| 999 |
_c6426 _d6426 |
||